| 000 | 01016nam2a2200241 4500 | ||
|---|---|---|---|
| 001 | RU\NLR\BIBL_A\011108119 | ||
| 005 | 20250625204759.0 | ||
| 010 |
_a978-5-17-090542-3 _92000 |
||
| 021 |
_aRU _b2016-27750 _91786 |
||
| 035 | _a(NLR Aleph) 011108119 | ||
| 090 |
_a11459126 _c11459126 |
||
| 100 | _a20160426d2016 |||y0rusy50 ca | ||
| 101 | 0 | _arus | |
| 102 | _aRU | ||
| 105 | _aa z 000ay | ||
| 200 | 0 | _aКн. 1 | |
| 210 |
_d2016 _aБ. м. |
||
| 215 |
_a382, [1] с. _cпортр. |
||
| 461 | 0 |
_1001RU\NLR\BIBL_A\011118061 _12001#$aДревний$iПредыстория$e[фантастический роман]$fСергей Тармашев$vКн. 1 _1700#1$aТармашев$bС. С.$f1974-$gСергей Сергеевич _911503918 _aТармашев, С. С. (1974-) _cМосква _d2016 _fСергей Тармашев _iПредыстория _nАСТ _o[фантастический роман] _tДревний _vКн. 1 |
|
| 942 | _cBOOK | ||
| 980 | _aNB | ||